000 00728cam a2200241 a 4500
001 12601023
005 20180208032039.0
008 011128s2003 njua b 001 0 eng
010 _a 2001058712
020 _a0130984132 (pbk.)
040 _aDLC
_cDLC
_dDLC
041 _aeng
043 _an-us---
080 _a371.102
082 0 0 _a371.102 KEL
_221
100 1 _a46
101 _aEDU
245 1 2 _aA resource guide for teaching.
_pK-12 /
_cRichard D. Kellough.
504 _aIncludes bibliographical references and indexes.
906 _a7
_bcbc
_corignew
_d1
_eocip
_f20
_gy-gencatlg
942 _2ddc
_cBK
999 _c42058
_d42058